Flooding and its implications for property professionals (Record no. 122216)

MARC details
000 -LEADER
fixed length control field 01330nam a22002657a 4500
005 - DATE AND TIME OF LATEST TRANSACTION
control field 20251017150019.0
008 - FIXED-LENGTH DATA ELEMENTS--GENERAL INFORMATION
fixed length control field 251017t2025 xxk|||||o|||| 00| 0 eng d
020 ## - INTERNATIONAL STANDARD BOOK NUMBER
ISBN 9781783215645
041 ## - LANGUAGE CODE
Language code of text/sound track or separate title eng
110 ## - MAIN ENTRY--CORPORATE NAME
Corporate author Royal Institution of Chartered Surveyors
245 ## - TITLE STATEMENT
Title Flooding and its implications for property professionals
Medium [Electronic resource]
250 ## - EDITION
Edition statement 1st ed
260 ## - PUBLICATION INFORMATION
Place of publication London,
Publisher Royal Institution of Chartered Surveyors,
Date October 2025
300 ## - PHYSICAL DESCRIPTION
Physical description 25p.
490 ## - SERIES TITLE
Series statement RICS Practice Information
520 ## - ABSTRACT
Abstract The purpose of this document is therefore to raise awareness among all members of RICS and to highlight the following:<br/><br/>aspects of flooding that may be important to different areas of professional practice<br/>the constant need to take a broad and strategic view of the risks that arise from flooding, and<br/>the different approaches that may be helpful in reducing or mitigating these risks.
650 ## - KEYWORDS
Keywords FLOODING
650 ## - KEYWORDS
Keywords PROPERTY FLOOD RESILIENCE
651 ## - SUBJECT ADDED ENTRY--GEOGRAPHIC NAME
Geographic name United Kingdom
690 ## - BROAD SUBJECT
Broad subject Environment
9 (RLIN) 6238
700 ## - ADDED PERSONAL NAME
Added personal author Cowap, Charles
710 ## - ADDED CORPORATE NAME
Added corporate author Royal Institution of Chartered Surveyors
856 ## - ONLINE RESOURCE
Uniform Resource Identifier <a href="https://www.rics.org/content/dam/ricsglobal/documents/research/Flooding-and-its-implications-for-property-professionals-October-2025.pdf">https://www.rics.org/content/dam/ricsglobal/documents/research/Flooding-and-its-implications-for-property-professionals-October-2025.pdf</a>
Public note Available on RICS.org
942 ## - ADDED ENTRY ELEMENTS (KOHA)
Suppress in OPAC Do not suppress in OPAC
Holdings
Lost status Damaged status Not for loan Current library Shelving location Date acquired Total Checkouts Full call number Date last seen Price effective from Koha item type
      Virtual Online 17/10/2025   ONLINE PUBLICATION 17/10/2025 17/10/2025 Online material